Normal view
MARC view
Entry Personal Name
001 - CONTROL NUMBER
- control field: 1012915
003 - CONTROL NUMBER IDENTIFIER
- control field: OSt
005 - DATE AND TIME OF LATEST TRANSACTION
- control field: 20260121154912.0
008 - FIXED-LENGTH DATA ELEMENTS
- fixed length control field: 260121|| aca||aabn | a|a d
040 ## - CATALOGING SOURCE
- Original cataloging agency: OSt
- Transcribing agency: OSt
100 ## - HEADING--PERSONAL NAME
- Personal name: R. Trent Codd, III; Scott H. Waltman; Lynn M. McFarr; Bret A. Moore
670 ## - SOURCE DATA FOUND
- Source citation: Work cat.: (OSt)1579734: R. Trent Codd, III; Scott H. Waltman; Lynn M. McFarr; Bret A. Moore , Socratic Questioning for Therapists and Counselors
